| 000 | 00565 a2200181 4500 | ||
|---|---|---|---|
| 003 | OSt | ||
| 005 | 20240129125358.0 | ||
| 008 | 240129b |||||||| |||| 00| 0 eng d | ||
| 020 | _a9960892913 | ||
| 040 | _coclc | ||
| 082 |
_a214.61 _bALJ/H |
||
| 100 |
_aAl-Jauziyah, Ibn Qayyim _910329 |
||
| 245 |
_aHealing with the Medicine of the Prophet / _cImam Ibn Qayyim Al-Jauziyah and Jalal Abual Rub |
||
| 250 | _a2nd ed. | ||
| 260 |
_aRiyadh: _bMaktaba Darussalam, _c2003. |
||
| 300 | _a359p. | ||
| 942 |
_2ddc _cBK _h214.61 _iALJ/H _k214.61 _mALJ/H |
||
| 999 |
_c43347 _d43347 |
||